Food by picture #3 - Statistics

General Stats
  • This quiz has been taken 39 times
  • The average score is 7 of 10
Answer Stats
Picture Answer % Correct
Watermelon
100%
French fries
94%
Bagel
89%
Scrambled egg
77%
Parmesan
74%
Yogurt
69%
Crepe
66%
Chicken wings
63%
Risotto
54%
Tortellini
46%
No matching quizzes found
Score Distribution
Percent of People with Each Score
Percentile by Number Answered
Your Score History
You have not taken this quiz